| 000 | 00000nam##2200000za#4500 |
| 001 | 9.641968 |
| 003 | CaOODSP |
| 005 | 20210624223453 |
| 007 | cr ||||||||||| |
| 008 | 150407|2004||||xxc|||||o f|0| 0 fre|d |
| 040 | |aCaOODSP|bfre |
| 043 | |an-cn--- |
| 086 | 1 |aEn4-192/2004F-PDF |
| 110 | 1 |aCanada. |bEnvironnement Canada. |
| 245 | 10|aSuivi de la Vérification des services commerciaux d'Environnement Canada – recouvrement des coûts et frais d'utilisation |h[ressource électronique] |
| 260 | |aGatineau - Québec : |bEnvironnement Canada |cNovembre 2004. |
| 300 | |a6p. |
| 590 | |a13-14-Supp|b2013-05-30 |
| 775 | 08|tFollow-up to the commercial services cost recovery and user charging audit |w(CaOODSP)9.697973 |
| 856 | 40|ahttp://publications.gc.ca|qPDF|s42 Ko|uhttps://publications.gc.ca/collections/collection_2013/ec/En4-192-2004-fra.pdf |